Normal view
MARC view
Entry Uniform Title
001 - CONTROL NUMBER
- control field: 29157
003 - CONTROL NUMBER IDENTIFIER
- control field: dpl
005 - DATE AND TIME OF LATEST TRANSACTION
- control field: 20110704122019.0
008 - FIXED-LENGTH DATA ELEMENTS
- fixed length control field: 110704|||a|||||| | ||| d
040 ## - CATALOGING SOURCE
- Original cataloging agency: dpl
- Transcribing agency: dpl
130 ## - HEADING--UNIFORM TITLE
- Uniform title: Oxford in India readings in sociology and social anthropology / edited by T.N. Madan
670 ## - SOURCE DATA FOUND
- Source citation: Work cat.: (dpl): Family, kinship and marriage in India /, 2010
670 ## - SOURCE DATA FOUND
- Source citation: Work cat.: (dpl): Family, kinship and marriage in India /, 2010
